Daňové rezidentství

Problematika daňového rezidentstva v Česku. Rozsah daňovej povinnosti a daňového rezidentstva fyzických a právnických osôb. Správne určenie a zmena daňového rezidentstva. Príklady.

Guardado en:
Detalles Bibliográficos
Autor principal: Pfeilerová, Jaroslava
Formato: Capítulo de libro
Lenguaje:checo
Materias:
Etiquetas: Agregar Etiqueta
Sin Etiquetas, Sea el primero en etiquetar este registro!

MARC

LEADER 00000naa a2200000 4500
001 0125452
005 20230925094408.3
041 0 |a cze 
044 |a CZ 
245 1 0 |a Daňové rezidentství  |c Jaroslava Pfeilerová 
520 |a Problematika daňového rezidentstva v Česku. Rozsah daňovej povinnosti a daňového rezidentstva fyzických a právnických osôb. Správne určenie a zmena daňového rezidentstva. Príklady. 
610 2 0 |a Česko 
610 2 0 |a rezidenti 
610 2 0 |a nerezidenti 
610 2 0 |a povinnosť daňová 
610 2 0 |a osoby fyzické 
610 2 0 |a osoby právnické 
610 2 0 |a dane z príjmov 
610 2 0 |a dane zo zisku 
610 2 0 |a zdanenie dvojité 
610 2 0 |a zdaňovanie 
610 2 0 |a zákony 
100 1 |a Pfeilerová, Jaroslava